LEADER 00916nam a2200253 i 4500 001 991000820179707536 005 20020506124730.0 008 960310s1985 it ||| | ita 035 $ab10134153-39ule_inst 035 $aLE00637389$9ExL 040 $aDip.to Fisica$bita 084 $a52.9.5 084 $a52.9.53 100 1 $aCastellani, V.$0235868 245 10$aAstrofisica stellare :$bi fondamenti fisici dell'interpretazione evolutiva di stelle e galassie /$cV. Castellani 260 $aBologna :$bZanichelli,$c1985 300 $aviii, 422 p. :$bill. ;$c24 cm. 650 4$aAstrofisica 907 $a.b10134153$b21-09-06$c27-06-02 912 $a991000820179707536 945 $aLE006 52.9.53+52.9.55 CAS$g1$i2006000028967$lle006$o-$pE0.00$q-$rl$s- $t0$u5$v0$w5$x0$y.i10157797$z27-06-02 996 $aAstrofisica stellare$9185386 997 $aUNISALENTO 998 $ale006$b01-01-96$cm$da $e-$fita$git $h0$i1 LEADER 02633nam 2200589 450 001 9910798041003321 005 20230807205901.0 010 $a0-8179-1908-2 010 $a0-8179-1906-6 035 $a(CKB)3710000000569794 035 $a(EBL)4306727 035 $a(SSID)ssj0001591644 035 $a(PQKBManifestationID)16287532 035 $a(PQKBTitleCode)TC0001591644 035 $a(PQKBWorkID)14808644 035 $a(PQKB)11067079 035 $a(MiAaPQ)EBC4306727 035 $a(EXLCZ)993710000000569794 100 $a20151008h20152015 uy| 0 101 0 $aeng 135 $aur|n|---||||| 181 $ctxt 182 $cc 183 $acr 200 10$aInequality and economic policy $eessays in honor of Gary Becker /$fedited by Tom Church, Chris Miller, John B. Taylor ; contributing authors, John H. Cochrane [and ten others] 210 1$aStanford, California :$cHoover Institution Press,$d[2015] 210 4$dİ2015 215 $a1 online resource (234 p.) 225 1 $aHoover Institution Press publication ;$vnumber 664 300 $aProceedings of the Conference on Inequality in Memory of Gary Becker held September 25-26, 2014 at the Hoover Institution. 300 $aIncludes index. 311 $a0-8179-1904-X 327 $aBackground facts / James Piereson -- The broad-based rise in return to top talent / Joshua D. Rauh -- The economic determinants of top income inequality / Charles I. Jones -- Intergenerational mobility and income inequality / Jo?rg L. Spenkuch -- The effects of redistribution policies on growth and unemployment / Casey B. Mulligan -- Income and wealth in America / Kevin M. Murphy and Emmanuel Saez -- Conclusions and solutions / John H. Cochrane, Lee E. Ohanian, and George P. Shultz -- Remembering Gary Becker / Edward P. Lazear and George P. Shultz. 410 0$aHoover Institution Press publication ;$v664. 606 $aIncome distribution$zUnited States$vCongresses 606 $aEquality$xEconomic aspects$zUnited States$vCongresses 607 $aUnited States$xEconomic policy$vCongresses 615 0$aIncome distribution 615 0$aEquality$xEconomic aspects 676 $a339.20973 702 $aChurch$b Tom$c(Research fellow), 702 $aMiller$b Chris$c(Research fellow), 702 $aTaylor$b John B. 702 $aBecker$b Gary S$g(Gary Stanley),$f1930-2014, 712 12$aConference on Inequality in Memory of Gary Becker 801 0$bMiAaPQ 801 1$bMiAaPQ 801 2$bMiAaPQ 906 $aBOOK 912 $a9910798041003321 996 $aInequality and economic policy$93751940 997 $aUNINA LEADER 02971nam 2200457 450 001 9910822075703321 005 20220619164610.0 010 $a1-68247-309-0 035 $a(CKB)4100000011624841 035 $aEBL5335501 035 $a(AU-PeEL)EBL5335501 035 $a(MiAaPQ)EBC5335501 035 $a(EXLCZ)994100000011624841 100 $a20220619d2018 uy 0 101 0 $aeng 135 $aur|n|---||||| 181 $ctxt$2rdacontent 182 $cc$2rdamedia 183 $acr$2rdacarrier 200 14$aThe decline of European naval forces $echallenges to sea power in an age of fiscal austerity and political uncertainty /$fJeremy Sto?hs 210 1$aAnnapolis, Maryland :$cNaval Institute Press,$d[2018] 210 4$dİ2018 215 $a1 online resource (312 p.) 225 1 $a21st Century Foundations 300 $aDescription based upon print version of record. 311 $a1-68247-308-2 320 $aIncludes bibliographical references and index. 327 $aPrinciples of sea power -- The pivot toward Asia and the consequences for Europe -- Part 2. Case studies: Europe's naval forces -- United Kingdom: keep calm and get those carriers operational -- France: stretched, but willing - Europe's most capable naval force -- Italy: between global interest and regional necessities -- Spain: creating a well-balanced fleet and maintaining it -- Turkey and Greece: allies and yet not friends - diverging naval powers -- Germany: reluctance and reductions - not stepping up to the plate -- Denmark and the Netherlands: commercial might and military inaptitude -- Sweden and Norway: Scandinavian navies sticking to their guns? -- Part 3. Analysis and observations: quo vadis Europe? -- Conclusion: whose sea power will it be?. 330 $a"The Decline of European Naval Forces provides insight into the evolution of Europe's naval forces since the end of the Cold War. To illuminate the drastic changes many European navies have undergone over the last twenty-five years, the author analyzes in several case studies the defense policies and naval strategies of eleven European states as well as the evolution,deployment, and capabilities of their respective naval forces. The author looks at the development of Europe's most important naval forces is assessed per the respective strategic framework in which they have operated over the past two decades. This book describes not only the general composition of each force but also the range of their capabilities and their important technical features."--Provided by publisher. 410 0$a21st Century Foundations 606 $aAeronautics in police work$zUnited States 615 0$aAeronautics in police work 676 $a363.284 700 $aSto?hs$b Jeremy$01673718 801 0$bMiAaPQ 801 1$bMiAaPQ 801 2$bMiAaPQ 906 $aBOOK 912 $a9910822075703321 996 $aThe decline of European naval forces$94038034 997 $aUNINA